| 000 | 00383nam a2200145Ia 4500 | ||
|---|---|---|---|
| 008 | 230312s9999||||xx |||||||||||||| ||und|| | ||
| 020 | _a81-203-2997-3 | ||
| 082 |
_a621.382 _bBAN-E |
||
| 100 | _aBandyopadhyay;M.N | ||
| 245 | 0 | _aElectrical Machines:Theory and Practice | |
| 260 |
_bPHI _aIndia _c2014 |
||
| 300 | _a498 | ||
| 650 |
_aEngineering _vElectrical Engineering |
||
| 942 | _cBK | ||
| 999 |
_c10670 _d10670 |
||